1248 1520 1163 1811 1916 1862 1421 1838 1763 1597 1109 1718 1382 1796 1505 1208 1796 1085 1224 1061 1532 1970 1371 1413 1887 1404 1976 1864 1214 1012 1626 1474 1948 1382 1456 1313 1367 1942 1089 1871 1363 1972 1398 1696 1495 1332 1929 1544 1365 1048 1369 1810 1644 1473 1105 1709 1619 1807 1516 1629 1209 1132 1767 1013 1601 1954 1424 1706 1514 1801 1522 1087 1190 1157 1396 1717 1748 1744 1524 1647 1820 1095 1364 1311 1979 1497 1622 1642 1478 1518 1585 1480 1084 1847 1981 1734 1094 1042 1629 BCNSPRNW ULIB Ver.6.0+V

เปลี่ยนเป็นภาษาไทย

Change to English
 แสดงรายละเอียดบรรณานุกรม
  กลับหน้าหลัก

Brief Record : Get Marc (ISO 2709) : E-mail record : QR code < ปิดหน้าต่าง
LEADER : 00000nam 2200000uu 4500
001    13399113278
003     ULIB
008    111005s2550||||th 000 0 tha d
020    9789748460314
050  4 T173.8^bช851ก 2550
100 0  ไชย ณ พล อัครศุภเศรษฐ์
245 10 การสร้างสรรค์นวัตการ :^bศักยภาพการแข่งขันสู่โลกอนาคต = Creativity & innovation /^cไชย ณ พล อัครศุภเศรษฐ์
246 31 Creativity & innovation
246 34 การสร้างสรรค์นวัตการ :^bเพื่อศักยภาพการแข่งขันสู่โลกอนาคต
260    กรุงเทพฯ :^bเคล็ดไทย,^c2550
300    135 หน้า :^bภาพประกอบ ;^c21 ซม.
650  7 นวัตกรรมทางเทคโนโลยี
945    ^p199^l0^i024050
945    ^p199^l0^i024051
995    ทศพร
999 ^a ทศพร
รายการนี้ยังไม่มีแท็ก
คุณยังไม่ได้ล็อกอิน คุณสามารถมีกิจกรรมร่วมกับเว็บไซต์ได้ แต่ต้องล็อกอินก่อน ::
  ล็อกอิน

รายการสื่อสารสนเทศ

ลำดับที่ ประเภท เลขเรียก/บาร์โค้ด สถานที่ สถานะ
- ไม่พบข้อมูล -

รายการใกล้เคียง
    ผู้แต่ง [ไชย ณ พล อัครศุภเศรษฐ์]

    หัวเรื่อง [นวัตกรรมทางเทคโนโลยี]

BibComment


ยังไม่เคยถูกคอมเมนท์

คอมเมนท์ทรัพยากรรายการนี้
  คอมเมนท์: การสร้างสรรค์นวัต..


 Copyright 2026. Bcnsprnw @Library